| 000 | 00949nam a22002537a 4500 | ||
|---|---|---|---|
| 999 |
_c4974 _d4974 |
||
| 003 | AR-CdUCM | ||
| 008 | 190311b ||||| |||| 00| 0 spa d | ||
| 040 |
_aMUNICIPALIDAD PROVINCIAL DEL CUSCO _cBIBLIOTECA MUNICIPAL DEL CUSCO |
||
| 082 |
_a985.54 / _bH97 |
||
| 100 |
_aHusson Patrick _915235 |
||
| 245 |
_aDe la Guerra a la Rebelión : _bHuanta, siglo XIX / |
||
| 260 |
_aCusco - Perú : _bCentro de Estudios Regionales Andinos ; _c1992. |
||
| 300 |
_a246 páginas ; _bTablas _c24cm |
||
| 440 |
_aColección Archivos de Historia Andina _n14 _915236 |
||
| 505 | _aContenido: Crónica de guerra -- El efecto coyuntura -- El efecto estructura... | ||
| 650 |
_aRebelión _93924 |
||
| 650 |
_aIdeología _98580 |
||
| 650 |
_aIdeología política _915237 |
||
| 650 |
_aIndios _9631 |
||
| 650 |
_aCampesinos _94401 |
||
| 710 |
_aCentro de Estudios Regionales Andinos Bartolomé de Las Casas - Cusco _915238 |
||
| 942 |
_2ddc _cLIBROS |
||
| 945 | _anom | ||